All 10k+ Cities in the Baltics - Statistics

General Stats
  • This quiz has been taken 54 times
  • The average score is 24 of 65
Answers on the Map
Answers color-coded by a green-red scale on the quiz's map according to % correct below.
 
Answer Stats
Country Population Answer % Correct
Estonia 439,632 Tallinn
100%
Latvia 663,012 Rīga
94%
Lithuania 592,156 Vilnius
94%
Lithuania 304,210 Kaunas
86%
Estonia 106,295 Tartu
83%
Latvia 75,617 Daugavpils
75%
Lithuania 159,403 Klaipėda
69%
Estonia 53,539 Narva
64%
Estonia 41,530 Pärnu
58%
Latvia 46,940 Jūrmala
56%
Latvia 65,961 Liepāja
56%
Latvia 33,274 Ventspils
56%
Lithuania 86,606 Panevėžys
53%
Lithuania 110,463 Šiauliai
53%
Lithuania 51,353 Alytus
47%
Latvia 55,862 Jelgava
47%
Lithuania 18,066 Palanga
44%
Estonia 13,111 Kuressaare
42%
Lithuania 36,704 Marijampolė
42%
Latvia 28,365 Rēzekne
39%
Lithuania 21,216 Tauragė
39%
Latvia 25,459 Valmiera
39%
Latvia 15,170 Cēsis
36%
Estonia 11,067 Haapsalu
36%
Estonia 11,854 Valga
36%
Estonia 17,855 Rakvere
33%
Latvia 14,274 Sigulda
33%
Lithuania 22,024 Telšiai
33%
Estonia 17,789 Viljandi
33%
Latvia 11,386 Bauska
31%
Latvia 22,292 Jēkabpils
31%
Lithuania 33,377 Mažeikiai
31%
Latvia 24,355 Ogre
31%
Lithuania 27,763 Utena
31%
Estonia 11,654 Võru
31%
Lithuania 12,536 Elektrėnai
28%
Latvia 11,496 Kuldīga
28%
Latvia 13,219 Olaine
28%
Lithuania 17,259 Plungė
28%
Lithuania 16,002 Šilutė
28%
Latvia 16,189 Tukums
28%
Lithuania 20,928 Ukmergė
28%
Lithuania 10,238 Biržai
25%
Lithuania 12,978 Druskininkai
25%
Estonia 10,769 Keila
25%
Estonia 13,294 Maardu
25%
Estonia 35,382 Pirita
25%
Lithuania 11,388 Rokiškis
25%
Lithuania 19,330 Visaginas
25%
Estonia 16,191 Järve
22%
Lithuania 26,838 Jonava
22%
Lithuania 23,362 Kėdainiai
22%
Lithuania 15,518 Radviliškis
22%
Latvia 11,152 Saldus
22%
Estonia 12,454 Sillamäe
22%
Lithuania 15,510 Gargždai
19%
Estonia 10,877 Jõhvi
19%
Lithuania 11,455 Jurbarkas
19%
Lithuania 16,927 Kretinga
19%
Lithuania 10,570 Kuršėnai
19%
Lithuania 10,182 Vilkaviškis
19%
Lithuania 10,035 Garliava
17%
Estonia 15,297 Ahtme
14%
Latvia 20,595 Bolderāja
14%
Estonia 11,142 Peetri
8%
No matching quizzes found
Score Distribution
Percent of People with Each Score
Percentile by Number Answered
Your Score History
You have not taken this quiz